000 01016cam a2200277 a 4500
001 000012139
005 20251107110522.0
008 910308s1991 pr a b s001 0 spa
020 _a0847736539 :
040 _aDO-SdBNP
_bspa
_cDLC
_dBNPHU
082 _a372.41
_bL471t
245 0 4 _aLas Lecturas del taller /
_cCarlos R. Alberty, Sofía Irene Cardona, Yvonne Sanavitis [compiladores].
260 _aRio Piedras, Puerto Rico :
_bEditorial de la Universidad de Puerto Rico,
_c1991.
300 _a118 p. :
_bil. ;
_c26 cm.
504 _aIncluye referencias bibliográficas (p. 117-118).
650 4 _aIdioma español
_xLectura
_928682
650 4 _aIdioma español
_xLectores
_928683
650 0 _aPromoción de la lectura
_97321
650 4 _aLectura
_9408
650 0 _aLibros y lectura
_91512
700 1 _aAlberty, Carlos R.,
_d1957-
_ecomp.
_928684
700 1 _aCardona, Sofía Irene,
_d1962-
_ecomp.
_928685
700 1 _aSanavitis, Yvonne,
_ecomp.
_98226
910 _aCatalogación derivada
049 _aBNGR
999 _c11804
_d11804